El ilustrado, político y economista gallego Jacobo María de Parga y Puga (1774-1850) / (Record no. 188814)

MARC details
000 -LEADER
campo de control de longitud fija 01170nam a2200277 i 4500
001 - NÚMERO DE CONTROL
campo de control 188814
003 - IDENTIFICADOR DE NÚMERO DE CONTROL
campo de control SpMaBN
005 - FECHA Y HORA DE LA ÚLTIMA TRANSACCIÓN
campo de control 20250730063201.0
008 - DATOS DE LONGITUD FIJA--INFORMACIÓN GENERAL
campo de control de longitud fija 190215s1992 sp ah |||| |bspa d
020 ## - NÚMERO INTERNACIONAL ESTÁNDAR DEL LIBRO
Número Internacional Estándar del Libro 84-604-3773-6
080 ## - NÚMERO DE LA CLASIFICACIÓN DECIMAL UNIVERSAL
Número de la Clasificación Decimal Universal 929:32 Parga y Puga, Jacobo María de
100 1# - ENTRADA PRINCIPAL--NOMBRE DE PERSONA
Nombre de persona Meijide Pardo, Antonio
9 (RLIN) 79835
245 13 - MENCIÓN DEL TÍTULO
Título El ilustrado, político y economista gallego Jacobo María de Parga y Puga (1774-1850) /
Mención de responsabilidad, etc. Antonio Meijide Pardo.
260 ## - PUBLICACIÓN, DISTRIBUCIÓN, ETC.
Lugar de publicación, distribución, etc. [La Coruña] :
Nombre del editor, distribuidor, etc. Fundación "Pedro Barrié de la Maza, Conde de Fenosa",
Fecha de publicación, distribución, etc. [1992]
300 ## - DESCRIPCIÓN FÍSICA
Extensión 164 p. :
Otras características físicas il. ;
Dimensiones 23 cm.
490 1# - MENCIÓN DE SERIE
Mención de serie Ilustrados, sociólogos y economistas gallegos
500 ## - NOTA GENERAL
Nota general Índice.
594 ## - Nota al título y mención de responsabilidad
Nota al título y mención de responsabilidad Bibliografía: p. 147-153.
600 17 - PUNTO DE ACCESO ADICIONAL DE MATERIA--NOMBRE DE PERSONA
Nombre de persona Parga y Puga, Jacobo María de.
9 (RLIN) 166336
710 2# - ENTRADA AGREGADA--NOMBRE DE ENTIDAD CORPORATIVA
Nombre de entidad corporativa o nombre de jurisdicción como elemento de entrada Fundación Pedro Barrié de la Maza, Conde de Fenosa
9 (RLIN) 176439
830 00 - PUNTO DE ACCESO ADICIONAL DE SERIE-TÍTULO UNIFORME
Título uniforme Ilustrados, sociólogos y economistas gallegos
9 (RLIN) 193139
852 ## - LOCALIZACIÓN
Ubicación ES-MaACL
Número de control de estantería A-14348
itemnumber 195948
Sublocalización o colección R.151647
Ubicación en estantería Depósito 1
Signatura antigua Olim: N-7348
Donativo/Legado Donación: Fundación Barrié
914 ## - NOMBRE ENTIDAD DE DONANTE
Nombre de congreso/reunión o jurisdicción como elemento de entrada Fundación Pedro Barrié de la Maza, Conde de Fenosa
Unidad subordinada Donante
RLIN 176439
942 ## - ELEMENTOS DE ENTRADA SECUNDARIOS (KOHA)
Fuente del sistema de clasificación o colocación Clasificación decimal universal
Tipo de ítem Koha Libro impreso
Holdings
Estatus retirado Estado de pérdida Fuente del sistema de clasificación o colocación Estado de daño No para préstamo Biblioteca de origen Biblioteca actual Ubicación en estantería Fecha de adquisición Fuente de adquisición Total de préstamos Signatura topográfica completa Código de barras Visto por última vez Precio de reemplazo Tipo de ítem Koha
    Clasificación decimal universal     Biblioteca del Ateneo de Madrid Biblioteca del Ateneo de Madrid Depósito 1 15/02/2019 Donación   A-14348 1199948 23/02/2023 23/02/2023 Libro impreso